| 000 | 00737nam a2200253 i 4500 | ||
|---|---|---|---|
| 001 | 66843 | ||
| 003 | ES-MaACL | ||
| 005 | 20250811101406.0 | ||
| 007 | t| | ||
| 008 | 030210s2002 sp ||||0| spa d | ||
| 020 | _a84-88175-32-9 | ||
| 040 |
_aM-BN _bspa _cM-BN |
||
| 080 | _a821.134.2-14"19" | ||
| 100 | 1 |
_aRomero Ramírez, Filomena. _999429 |
|
| 245 | 1 | 0 |
_aOrilla de zafiros / _cFilomena Romero. |
| 260 |
_aCórdoba : _bAteneo de Córdoba, _c[2002] |
||
| 300 |
_a66 p. ; _c21 cm. |
||
| 490 | 1 |
_aArca del Ateneo ; _v34 |
|
| 500 | _aXVII Premio Juan Bernier. | ||
| 710 | 2 |
_aAteneo de Córdoba. _91863 |
|
| 830 | 0 | 0 |
_aArca del Ateneo _v34 _9183055 |
| 852 |
_aES-MaACL _jL-27350 _bR.132889 |
||
| 999 |
_c66843 _d66843 |
||